Представление документа в формате MARC21

Поле Инд. ПП Название Значение
Тип записи a
Библиографический уровень m
001 Контрольный номер 0ac0051f81f24d9ea97019538385dfa0
005 Дата корректировки 20180111085552.5
020 a ISBN 978-5-8354-0810-8
040 a Служба первич. каталог. НБ ТвГУ
b Код языка каталог. rus
e Правила каталог. PSBO
041 0_ a Код языка текста rus
080 a Индекс УДК 342(1-87)(075.8)
084 a Индекс другой классификации/Индекс ББК Х400я73-1
090 a Полочн. индекс Х400
x Авторский знак Л 42
097 b Оператор mimoza2
100 1_ a Автор Лейбо Юрий Иванович
q Полное имя Лейбо Ю. И.
245 10 a Заглавие Конституционное право зарубежных стран
b Продолж. заглавия учебник
c Ответственность отв. ред. проф. Ю. Л. Лейло ; Мос. гос. ин-т междунар. отношений (Ун-т) МИД России, Каф. конституционного права
260 c Дата издания 2012
a Место издания Москва
b Издательство МГИМО-Университет
b Издательство МГИМО-Университет
300 a Объем 259, [1] с.
b Иллюстрации/ тип воспроизводства табл.
520 0_ a Аннотация Настоящий учебник содержит основные понятия и институты зарубежного конституционного права. Он предназначен студентам и аспирантам, чьей будущей профессией не является юриспруденция, но которым необходимо в рамках своей специализации знание государственно-правовой проблематики. В учебнике обобщен мировой конституционно-правовой опыт в контексте политико-идеологического развития стран мира. Учебный материал излагается доступным языком, четко, последовательно и в необходимом объеме.
653 0_ a Ключевые слова Конституционное право
a Ключевые слова Зарубежные страны
a Ключевые слова Государственное право
a Ключевые слова Избирательное право
a Ключевые слова Парламенты зарубежных стран
a Ключевые слова Судебная власть зарубежных стран
a Ключевые слова Учебники для вузов
700 12 a Другие авторы Орлов А. Г.
700 12 a Другие авторы Ракитская Инна Александровна
q Полное имя Ракитская И. А.
901 t Тип документа m
920 a Оператор Хохл
a Оператор Петр
a Оператор Стро
930 a Новая/Ретро новая
952 c Вид литературы К ру
954 b Дата поступления в ОК 20160831
a Дата поступления на обработку 20160920
c Дата окончания ОНО 20161021